Logo CIB grande

Economía Ambiental: Una introducción (Registro nro. 215391)

Detalles MARC
000 -LEADER
campo de control de longitud fija 00660nam a2200229Ia 4500
005 - FECHA Y HORA DE LA ÚLTIMA TRANSACCIÓN
campo de control 20250425161742.0
008 - DATOS DE LONGITUD FIJA--INFORMACIÓN GENERAL
campo de control de longitud fija 250425s9999 xx 000 0 und d
020 ## - NÚMERO INTERNACIONAL ESTÁNDAR DEL LIBRO
Número Internacional Estándar del Libro 9586004198
041 ## - CÓDIGO DE IDIOMA
Código de lengua del texto/banda sonora o título independiente spa
082 ## - NÚMERO DE LA CLASIFICACIÓN DECIMAL DEWEY
Número de clasificación 333.7
Iniciales del Autor FIE
010 ## - NÚMERO DE CONTROL DE LA BIBLIOTECA DEL CONGRESO
Número de control de LC 27609
100 ## - ENTRADA PRINCIPAL--NOMBRE DE PERSONA
Nombre de persona Field, Barry C.
245 #0 - MENCIÓN DEL TÍTULO
Título Economía Ambiental: Una introducción
Mención de responsabilidad, etc. Barry C. Field
250 ## - MENCION DE EDICION
Mención de edición 1a. edición
260 ## - PUBLICACIÓN, DISTRIBUCIÓN, ETC.
Lugar de publicación, distribución, etc. Santafé de Bogota
Nombre del editor, distribuidor, etc. McGraw-Hill
Fecha de publicación, distribución, etc. 1995
300 ## - DESCRIPCIÓN FÍSICA
Extensión 587 p.
Dimensiones 23.4 cm.
500 ## - NOTA GENERAL
Nota general Contenido, índice de nombres, índice de materias
650 ## - PUNTO DE ACCESO ADICIONAL DE MATERIA--TÉRMINO DE MATERIA
Término de materia o nombre geográfico como elemento de entrada Análisis ambiental
650 ## - PUNTO DE ACCESO ADICIONAL DE MATERIA--TÉRMINO DE MATERIA
Término de materia o nombre geográfico como elemento de entrada La Economía y el ambiente
650 ## - PUNTO DE ACCESO ADICIONAL DE MATERIA--TÉRMINO DE MATERIA
Término de materia o nombre geográfico como elemento de entrada Politice medio ambiental
942 ## - ELEMENTOS DE ENTRADA SECUNDARIOS (KOHA)
Tipo de ítem Koha Libros
Existencias
Estatus retirado Estado de pérdida Estado de daño No para préstamo Biblioteca de origen Biblioteca actual Fecha de adquisición Coste, precio normal de compra Etiqueta RFID Total de préstamos Código de barras Copia número Tipo de ítem Koha Nota pública
        CENTRO DE INFORMACIÓN BIBLIOTECARIA CENTRO DE INFORMACIÓN BIBLIOTECARIA 13/07/2017 1.00 0000000000000000037683   D-76081 3 Libros  
        CENTRO DE INFORMACIÓN BIBLIOTECARIA CENTRO DE INFORMACIÓN BIBLIOTECARIA 17/05/2005 25.00     60428 1 Libros ESPOL.FIMCBOR:TURISMO

Copyright 2025 ESPOL. Todos los derechos reservados.